Naučnyje osnovy ispol´zovanija topliva i smazočnych materialov v sel´skom chozjajstve /
Uložené v:
| Hlavný autor: | |
|---|---|
| Médium: | Kniha |
| Jazyk: | Russian |
| Vydané: |
Moskva :
Agropromizdat,
1987
|
| Vydanie: | 1. izd. |
| ISBN: |
(viaz.) |
| Fyzický popis: |
246 s. |
| Tagy: |
Pridať tag
Žiadne tagy, Buďte prvý kto otaguje tento záznam!
|
Titul je dostupný aj v ... 

MARC
| LEADER | 00000nam a2200000 a 4500 | ||
|---|---|---|---|
| 001 | 000282921 | ||
| 005 | 20061109162936.0 | ||
| 008 | 061109s1987 ru e 000 0 ruso | ||
| 020 | |a (viaz.) | ||
| 040 | |a SVKKK |b slo |c SVKKK |e AACR2 | ||
| 041 | 0 | |a rus | |
| 044 | |a ru |c RU | ||
| 100 | 1 | |a Nikiforov, Al´bert Nikolajevič |4 aut | |
| 245 | 1 | 0 | |a Naučnyje osnovy ispol´zovanija topliva i smazočnych materialov v sel´skom chozjajstve / |c Al´bert Nikolajevič Nikiforov |
| 250 | |a 1. izd. | ||
| 260 | |a Moskva : |b Agropromizdat, |c 1987 | ||
| 300 | |a 246 s. | ||
| 998 | |a BK | ||
| 090 | |g SCKHL |k Sklad Pribinova 2. posch. |a III.151138 |j 779393 |i B83272 |4 Zastaraná |s Vyradená | ||